000 006280000a22002050004500
020 _a84-7151-519-9
041 0 _aSPA
082 0 4 _aG 295.84 S496e
100 1 _aSeux, Marie Joseph
245 1 0 _aLeyes del Antiguo Oriente / Marie Joseph Seux; Nicolás Darrical, Traductor
260 _aEstella, Navarra, España : Verbo Divino
300 _a98 Pag
440 0 _aColección Documentos en torno a la Biblia; No. 15
500 _aTítulo original : Lois de I'Ancien Otient
001 8997
942 _cBK
999 _c39087
_d39087
336 _atexto
_btxt
_2rdacontent
337 _2rdamedia
_asin mediación
_bn
338 _2rdacarrier
_avolumen
_bnc